000 00635nam a2200205 i 4500
001 58249
003 ES-MaACL
005 20230906163746.0
007 t|
008 031021s1978 sp ||||1| spa d
100 1 _aDuquoc, Christian.
_946164
245 1 0 _aDios diferente
_b: ensayo sobre la simbólica trinitaria /
_cChristian Duquoc ; [tradujo Alfonso Ortiz García].
260 _aSalamanca :
_bSígueme,
_c1978.
300 _a119 p. ;
_c22 cm.
490 1 _aVerdad e imagen
700 1 _aOrtiz García, Alfonso.
_987618
830 0 _aVerdad e imagen
_9182105
852 _aES-MaACL
_jA-9988
_bR.98793
999 _c58249
_d58249